BIBLIOTECA PODER JUDICIAL
Portal Judicial TDF

Actos de gobierno, actos políticos o cuestiones políticas no justiciables : (Registro nro. 6164)

000 -LEADER
fixed length control field 01159nabaa22001937a 4500
003 - CONTROL NUMBER IDENTIFIER
control field OSt
005 - DATE AND TIME OF LATEST TRANSACTION
control field 20260123205209.0
008 - FIXED-LENGTH DATA ELEMENTS--GENERAL INFORMATION
fixed length control field 190701b xxu||||| |||| 00| 0 spa d
040 ## - CATALOGING SOURCE
Transcribing agency PJ
100 ## - MAIN ENTRY--PERSONAL NAME
9 (RLIN) 6896
Personal name Bonato, Mauro R.
245 13 - TITLE STATEMENT
Title Actos de gobierno, actos políticos o cuestiones políticas no justiciables :
Statement of responsibility, etc la suerte del ave fénix /
Remainder of title Mauro R. Bonato.
300 ## - PHYSICAL DESCRIPTION
Extent p. 95-145
500 ## - GENERAL NOTE
General note Cita: TR LALEY AR/DOC/363/2024
505 ## - FORMATTED CONTENTS NOTE
Formatted contents note Sumario: I. Introducción.— II. En la estéril búsqueda de un concepto.— III. Una consecuencia fundamental.— IV. Origen de la noción.— V. La cuestión en derecho comparado.— VI. Argumentos a favor y en contra de la teoría. Su retroceso.— VII. La cuestión en la República Argentina.— VIII. La cuestión en la jurisprudencia de la Corte Suprema de Justicia de la Nación.— IX. A modo de colofón.
505 ## - FORMATTED CONTENTS NOTE
Title ¿Te interesa el texto completo? Comunicate al correo: koha@justierradelfuego.gov.ar
650 #0 - SUBJECT ADDED ENTRY--TOPICAL TERM
9 (RLIN) 211
Topical term or geographic name as entry element DERECHO ADMINISTRATIVO
773 0# - HOST ITEM ENTRY
Host Biblionumber 2842
Host Itemnumber 3251
Place, publisher, and date of publication Buenos Aires : AbeledoPerrot, 2012-
Other item identifier DA121
Title Derecho administrativo. Nº 152 marzo/abril 2024
International Standard Book Number 18510590
942 ## - ADDED ENTRY ELEMENTS (KOHA)
Source of classification or shelving scheme
Koha item type Analítica Artículo de Revista

No hay ítems disponibles.

12 de Octubre 789 Ushuaia - Tel:  54(02901)441571
Horario de Atención: 8.00 a 17.00 hs. 
bibliotecaush@justierradelfuego.gov.ar
koha@justierradelfuego.gov.ar
Seguinos en nuestras redes @bibliojustdf 

Con tecnología Koha